000 00762nam a2200193Ia 4500
003 GCL
008 140319s9999 xx 000 0 ara d
040 _aGCL /
_cGCL
082 0 4 _aد
_b050
_bم م
245 1 0 _aالمستقبل العربى ( العدد 328 - يونيو 2006 )
260 _aبيروت :
_bمركز دراسات الوحدة العربية ،
_c2006
650 0 4 _aالاستشراق والمستشرقون
650 0 4 _aجرائم الحرب
650 0 4 _aمصر - الاحوال السياسية
650 0 4 _aالعراق - الاحوال السياسية
650 0 4 _aجرائم التعذيب
650 0 4 _aالخليج العربى - التدخل الاجنبى - الولايات المتحدة الامريكية
942 _2ddc
_cCR
999 _c8993
_d8993